01378nam a2200349 a 4500001001200000003000800012006001900020007001500039008004100054010001700095015001500112020001800127020001500145040002100160035002000181050002400201082001700225245014700242260007600389300002300465504006400488533015200552650003900704650002900743655002900772700001800801700002800819700001900847710001700866856012600883999001901009ebr10053577CaPaEBRm u cr cn|||||||||000812s2000 enka sb 001 0 eng d z 00701262  aGB99-U6577 z9780566089480 z0566082144 aCaPaEBRcCaPaEBR a(OCoLC)7077154214aHD58.8b.S45 2000eb04a658.4/0622100aSelf managed learning in actionh[electronic resource] :bputting SML into practice /cedited by Ian Cunningham, Ben Bennett and Graham Dawes. aAldershot, Hampshire, England ;aBurlington, Vt., USA :bGower,cc2000. aix, 273 p. :bill. aIncludes bibliographical references (p. 267-269) and index. aElectronic reproduction.bPalo Alto, Calif. :cebrary,d2013.nAvailable via World Wide Web.nAccess may be limited to ebrary affiliated libraries. 0aOrganizational changexManagement. 0aOrganizational learning. 7aElectronic books.2local1 aBennett, Ben.1 aCunningham, Ian,d1943-1 aDawes, Graham.2 aebrary, Inc.40uhttp://site.ebrary.com/lib/rucke/Doc?id=10053577zAn electronic book accessible through the World Wide Web; click to view c169645d169645